Cvičíme s náčiním
| Main Author: | |
|---|---|
| Format: | Book |
| Language: | Undetermined |
| PhysicalDescription: | 235 s. |
| Published: |
Praha
Olympia
1979
|
MARC
| LEADER | 00000nam a2200000 a 4500 | ||
|---|---|---|---|
| 001 | vtls001263969 | ||
| 003 | SK-MaSNL | ||
| 005 | 20260301234538.0 | ||
| 008 | 240315s1979 xx 0 und | ||
| 035 | |a SNK000214878 | ||
| 040 | |a SNK |b slo |c SNK |e AACR2 | ||
| 100 | 1 | |a Horáková, Draha |4 aut |9 381809 | |
| 245 | 1 | |a Cvičíme s náčiním | |
| 260 | |a Praha |b Olympia |c 1979 | ||
| 300 | |a 235 s. | ||
| 958 | |a OND | ||
| 999 | |c 970525 |d 972455 | ||
| 952 | |t P60, <04>, [BOOK], {604} |a SNK |b SNK |y VYP |7 0 |p 17A0015243 |o snkID 71549 D1 |0 0 |1 1 |4 0 |d 1996-10-21 |l 0 |r 2005-01-01 00:00:00 |w 2026-02-24 | ||


